|
|
|
|
| LEADER |
00000nam a22000007a 4500 |
| 005 |
20190213234246.0 |
| 007 |
cr|||| |||| |
| 008 |
190213s2017 es |||||s|||| 00||0 spa d |
| 020 |
|
|
|a 978-84-9148-194-2
|
| 035 |
|
|
|a 22730
|
| 040 |
|
|
|a vLex
|
| 090 |
|
|
|c 8434
|d 8434
|
| 100 |
1 |
|
|a Bent̕ez Yb̌enes, Juan Rafael
|
| 245 |
1 |
2 |
|a El procedimiento de actuacin̤ ante los r̤ganos de la jurisdiccin̤ de vigilancia penitenciaria
|h [Recurso electrn̤ico] /
|c Juan Rafael Bent̕ez Yb̌enes
|
| 256 |
|
|
|a Servicio en ln̕ea
|
| 260 |
|
|
|a Madrid:
|b Dykinson,
|c 2017
|
| 300 |
|
|
|a 1 recurso electrn̤ico
|
| 506 |
1 |
|
|a Disponible solo en los productos indicados
|d vLex Global
|d vLex Global (Academic Edition, excluding Law Schools)
|d vLex Global (U.S. Academic Edition, Law Schools)
|d vLex Global (U.S. Academic Edition, excluding Law Schools)
|d vLex Global (Academic Edition, Law Schools)
|
| 650 |
0 |
4 |
|a Derecho Penal
|z Espaą
|
| 740 |
0 |
|
|a vLex Libros (Servicio en ln̕ea)
|
| 856 |
4 |
0 |
|u http://vlex.com/source/procedimiento-actuacion-organos-jurisdiccion-vigilancia-penitenciaria-22730
|z Acceso restringido
|
| 942 |
|
|
|c BOOK
|
| 999 |
0 |
|
|a Criminal law
|